Kurzová konvergence a vstup do eurozóny
Kurzové skúsenosti členských krajín Európskej únie v súvislosti s účasťou v kurzovom mechanizme ERM/ERM2. Štyri skupiny krajín z hľadiska priebehu konvergenčného procesu: Skupina A - krajiny s úzkou väzbou na nemeckú marku, Skupina B - reálne konvergujúce krajiny, Skupina C - krajiny s krátkou perió...
Salvato in:
| Autore principale: | |
|---|---|
| Altri autori: | |
| Natura: | Capitolo di libro |
| Lingua: | ceco |
| Soggetti: | |
| Tags: |
Nessun Tag, puoi essere il primo ad aggiungerne!!
|
MARC
| LEADER | 00000naa a2200000 4500 | ||
|---|---|---|---|
| 001 | r046989 | ||
| 005 | 20231004102319.4 | ||
| 041 | 0 | |a cze | |
| 044 | |a CZ | ||
| 245 | 1 | 0 | |a Kurzová konvergence a vstup do eurozóny |c Zdeněk Čech, Luboš Komárek |
| 520 | |a Kurzové skúsenosti členských krajín Európskej únie v súvislosti s účasťou v kurzovom mechanizme ERM/ERM2. Štyri skupiny krajín z hľadiska priebehu konvergenčného procesu: Skupina A - krajiny s úzkou väzbou na nemeckú marku, Skupina B - reálne konvergujúce krajiny, Skupina C - krajiny s krátkou periódou pôsobenia v ERM2, Skupina D - nečlenské krajiny eurozóny. Skúsenosti krajín EÚ s kurzovým konvergenčným procesom. | ||
| 610 | 2 | 0 | |a kurz menový |
| 610 | 2 | 0 | |a konvergencia |
| 610 | 2 | 0 | |a politika menová |
| 610 | 2 | 0 | |a integrácia ekonomická medzinárodná |
| 610 | 2 | 0 | |a integrácia menová |
| 610 | 2 | 0 | |a Európska únia |
| 610 | 2 | 0 | |a Európska menová únia |
| 610 | 2 | 0 | |a euro |
| 610 | 2 | 0 | |a ERM |
| 100 | 1 | |a Čech, Zdeněk | |
| 700 | 1 | |a Komárek, Luboš | |